Sociálny fond v roku 2008 (tvorba, použitie a zdaňovanie)

Povinnosť zamestnancov vytvárať sociálny fond za účelom realizácie sociálnej politiky v oblasti starostlivosti o zamestnancov. Významné zmeny v novelizovanom zákone č. 591/2007 Z.z.

Na minha lista:
Detalhes bibliográficos
Autor principal: Piršelová, Dagmar
Formato: Capítulo de Livro
Idioma:eslovaco
Assuntos:
Tags: Adicionar Tag
Sem tags, seja o primeiro a adicionar uma tag!

MARC

LEADER 00000naa$a2200000$$$4500
001 0072292
005 20231114095913.4
041 0 |a slo 
044 |a SK 
245 1 0 |a Sociálny fond v roku 2008  |b (tvorba, použitie a zdaňovanie)  |c Dagmar Piršelová 
520 |a Povinnosť zamestnancov vytvárať sociálny fond za účelom realizácie sociálnej politiky v oblasti starostlivosti o zamestnancov. Významné zmeny v novelizovanom zákone č. 591/2007 Z.z. 
610 2 0 |a zamestnávatelia 
610 2 0 |a fond sociálny 
610 2 0 |a starostlivosť o pracovníkov 
610 2 0 |a Slovensko 
610 2 0 |a legislatíva 
610 2 0 |a novelizácia 
100 1 |a Piršelová, Dagmar